| 000 | 00965nam a22002057a 4500 | ||
|---|---|---|---|
| 005 | 20140310184529.0 | ||
| 008 | 140206b xxu||||| |||| 00| 0 eng d | ||
| 020 | _a9780307589743 | ||
| 050 |
_aBV 4501.3 _b.V85 2010 |
||
| 100 | _aVujicic, Nick | ||
| 245 |
_aLife Without Limits _cNick Vujicic. |
||
| 260 |
_aNew York : _bWaterBooks, _c2010. |
||
| 300 |
_a272 p. : _bill. ; _c21 cm. |
||
| 520 | _aBorn without arms or legs, Nick Vujicic overcame his disability to live not just independently but a rich, fulfilling life, becoming a model for anyone seeking true happiness. Now an internationally successful motivational speaker, his central message is that the most important goal for anyone is to find their life's purpose despite whatever difficulties or seemingly impossible odds stand in their way.--From publisher description. | ||
| 650 | _aChristianity. | ||
| 650 | _aHappiness. | ||
| 650 | _aDisabled Persons. | ||
| 942 |
_2lcc _cBK |
||
| 999 |
_c35202 _d35202 |
||